| 000 | 00336nam a22001337a 4500 | ||
|---|---|---|---|
| 008 | 170922b xxu||||| |||| 00| 0 eng d | ||
| 020 | _a9780873678155 | ||
| 041 | _aeng | ||
| 080 | _a37 | ||
| 100 | _a46 | ||
| 101 | _aEDU | ||
| 245 |
_aAN EDUCATION GUIDE FINDIND RESOUNRCEC IN THE PUBLIC DOMAUN _cPOTTERS.D |
||
| 942 |
_2udc _cBK |
||
| 999 |
_c29024 _d29024 |
||